[Event "Macieja Memorial"]
[Site "Warsaw POL"]
[Date "2022.07.08"]
[Round "3.30"]
[White "Gdanski, Jacek"]
[Black "Dovzhenko, Alexander"]
[Result "1-0"]
[WhiteElo "2385"]
[BlackElo "2052"]
[EventDate "????.??.??"]
[PlyCount "53"]

1.e4 c5 2.Nc3 d6 3.f4 Nf6 4.Nf3 e6 5.d4 cxd4 6.Nxd4 a6 7.Qf3 Be7 8.Be3 Qc7 
9.O-O-O Nc6 10.Bd3 Nxd4 11.Bxd4 e5 12.fxe5 dxe5 13.Qg3 Ng4 14.Nd5 Qa5 15.Kb1 
exd4 16.Nc7+ Kd8 17.Nxa8 Be6 18.Bc4 Ne5 19.Rxd4+ Kc8 20.Rd5 Bxd5 21.Qxe5 Bf6 
22.Qxd5 Qb4 23.e5 Rd8 24.Qe4 Kb8 25.exf6 gxf6 26.a3 Qa4 27.Nb6 1-0

[Event "Macieja Memorial"]
[Site "Warsaw POL"]
[Date "2022.07.08"]
[Round "3.31"]
[White "Pedzich, Dominik"]
[Black "Krasenkova, Elena"]
[Result "0-1"]
[WhiteElo "2350"]
[BlackElo "1832"]
[EventDate "????.??.??"]
[PlyCount "82"]

1.e4 Nf6 2.e5 Nd5 3.d4 e6 4.Nf3 Be7 5.c4 Nb6 6.Nc3 d5 7.c5 N6d7 8.b4 b6 9.Rb1 
a5 10.a3 axb4 11.axb4 c6 12.Bd3 Ba6 13.b5 cxb5 14.c6 Nxc6 15.Nxb5 Bxb5 16.Bxb5 
Na5 17.h4 O-O 18.h5 h6 19.Rh3 Nc4 20.Rg3 Kh8 21.Kf1 f5 22.Qd3 Na3 23.Rb3 Nxb5 
24.Rxb5 Ra1 25.Rb1 Rxb1 26.Qxb1 Qc7 27.Ng1 Qc4+ 28.Ne2 Rc8 29.Rc3 Qa6 30.Rxc8+ 
Qxc8 31.Nf4 Bg5 32.Ng6+ Kh7 33.f4 Qc4+ 34.Ke1 Qc3+ 35.Kf1 Qc4+ 36.Ke1 Qc3+ 
37.Kf1 Bd8 38.Bb2 Qc4+ 39.Kg1 b5 40.Kh2 Qe2 41.Kg1 Qxh5 0-1

[Event "Macieja Memorial"]
[Site "Warsaw POL"]
[Date "2022.07.08"]
[Round "3.32"]
[White "Mikrut, Dariusz"]
[Black "Szewczak, Andrzej"]
[Result "0-1"]
[WhiteElo "2266"]
[BlackElo "1826"]
[EventDate "????.??.??"]
[PlyCount "60"]

1.d4 b5 2.e4 Bb7 3.Bd3 e6 4.Qe2 a6 5.c3 d6 6.f4 Nd7 7.a4 bxa4 8.Nf3 Nb6 9.O-O 
Be7 10.c4 c5 11.d5 Nf6 12.Nc3 exd5 13.exd5 O-O 14.Nxa4 Nxa4 15.Rxa4 Qd7 16.Ra3 
Rfe8 17.Qc2 h6 18.h3 Bf8 19.g4 Qc8 20.Bf5 Qd8 21.g5 hxg5 22.fxg5 Nd7 23.g6 fxg6 
24.Be6+ Rxe6 25.dxe6 Ne5 26.Nxe5 dxe5 27.Qxg6 Qe8 28.Rf7 Rd8 29.Rg3 Rd1+ 30.Kh2 
Rh1# 0-1

[Event "Macieja Memorial"]
[Site "Warsaw POL"]
[Date "2022.07.08"]
[Round "3.34"]
[White "Krogulski, Maksymilian"]
[Black "Reshetniak, Vitaliy"]
[Result "1-0"]
[WhiteElo "1534"]
[BlackElo "2053"]
[EventDate "????.??.??"]
[PlyCount "129"]

1.e4 c5 2.Nf3 e6 3.c3 Nf6 4.Bd3 Nc6 5.h3 d5 6.exd5 exd5 7.O-O Be7 8.Bc2 d4 
9.cxd4 cxd4 10.d3 O-O 11.Re1 Be6 12.a3 Re8 13.Bg5 h6 14.Bh4 Nd5 15.Bxe7 Qxe7 
16.Ba4 Qf6 17.Nbd2 Nf4 18.Ne4 Qd8 19.Qd2 Nd5 20.Bxc6 bxc6 21.Nxd4 Qb6 22.Nxe6 
Rxe6 23.Ng3 Rf6 24.d4 Rd8 25.Ne4 Rf4 26.g3 Rf3 27.Kg2 Rb3 28.Rab1 Rb8 29.Re2 
Rxa3 30.bxa3 Qxb1 31.Nc5 Qa1 32.Qd3 Rd8 33.Nb7 Rb8 34.Na5 Qc3 35.Qxc3 Nxc3 
36.Rc2 Nb5 37.Nxc6 Re8 38.a4 Nd6 39.Nxa7 Re4 40.Nc6 Re1 41.a5 Ra1 42.Rb2 Ra4 
43.d5 Nc4 44.Rb8+ Kh7 45.Rb7 Ra2 46.Rb3 Nxa5 47.Rb5 Nc4 48.Rc5 Nd6 49.Ne5 f6 
50.Nc4 Nxc4 51.Rxc4 Rd2 52.Rc5 Rd3 53.Kf1 Kg6 54.Ke2 Rd4 55.Ke3 Rd1 56.h4 f5 
57.Kf4 Rd4+ 58.Ke5 Re4+ 59.Kd6 Kf6 60.Rc2 Rd4 61.Kc6 f4 62.d6 fxg3 63.fxg3 Ke6 
64.Re2+ Kf7 65.d7 1-0

[Event "Macieja Memorial"]
[Site "Warsaw POL"]
[Date "2022.07.08"]
[Round "3.35"]
[White "Janik, Igor"]
[Black "Adamski, Adam"]
[Result "1-0"]
[WhiteElo "2456"]
[BlackElo "1601"]
[EventDate "????.??.??"]
[PlyCount "97"]

1.e4 c5 2.Nf3 d6 3.Bb5+ Nd7 4.O-O a6 5.Bd3 Ngf6 6.Re1 Qc7 7.b3 e6 8.c3 b5 9.a4 
c4 10.bxc4 bxc4 11.Bc2 Be7 12.Qe2 Bb7 13.Na3 Rc8 14.Rb1 O-O 15.Nxc4 Nc5 16.e5 
Bxf3 17.Qxf3 dxe5 18.Nxe5 Bd6 19.Qe2 Ncd7 20.Nf3 h6 21.Qxa6 Ra8 22.Qb7 Rfb8 
23.Qxc7 Bxc7 24.Rxb8+ Bxb8 25.Ba3 Nd5 26.Rb1 Bf4 27.g3 Bg5 28.h4 Bd8 29.Nd4 
N5b6 30.Nc6 Nc4 31.Bc1 Bf6 32.d4 Rc8 33.Na7 Ra8 34.Nb5 Ncb6 35.Ra1 Nd5 36.Bd2 
Rc8 37.Bb3 N7b6 38.a5 Nc4 39.Bxc4 Rxc4 40.a6 Rc8 41.a7 Ra8 42.c4 Nb6 43.c5 Nd5 
44.Ba5 g5 45.hxg5 hxg5 46.Bc7 Kg7 47.Bb8 Kg6 48.c6 Bd8 49.c7 1-0

[Event "Macieja Memorial"]
[Site "Warsaw POL"]
[Date "2022.07.08"]
[Round "3.36"]
[White "Licznerski, Lukasz"]
[Black "Piddubna, Bozhena"]
[Result "1-0"]
[WhiteElo "2387"]
[BlackElo "1596"]
[EventDate "????.??.??"]
[PlyCount "43"]

1.e4 e5 2.Nf3 Nc6 3.Bb5 a6 4.Bxc6 dxc6 5.O-O f6 6.d4 Bg4 7.c3 Qd7 8.Be3 O-O-O 
9.Nbd2 Ne7 10.dxe5 fxe5 11.Nxe5 Bxd1 12.Nxd7 Be2 13.Rfe1 Bh5 14.Ne5 Be8 15.Ndf3 
Ng6 16.Nxg6 Bxg6 17.Ne5 Bxe4 18.Nf7 Re8 19.Nxh8 Bd5 20.Bg5 Be7 21.Rxe7 Rxh8 
22.Rae1 1-0

[Event "Macieja Memorial"]
[Site "Warsaw POL"]
[Date "2022.07.08"]
[Round "4.1"]
[White "Wieczorek, Oskar"]
[Black "Socko, Bartosz"]
[Result "1/2-1/2"]
[WhiteElo "2330"]
[BlackElo "2624"]
[EventDate "????.??.??"]
[PlyCount "56"]

1.e4 e6 2.d4 d5 3.Nd2 Nf6 4.e5 Nfd7 5.c3 c5 6.f4 Nc6 7.Ndf3 f5 8.Bd3 cxd4 
9.cxd4 Be7 10.Ne2 O-O 11.Rg1 Nb6 12.g4 a5 13.gxf5 exf5 14.Nc3 Be6 15.Be3 a4 
16.Ng5 Bxg5 17.Rxg5 Nb4 18.Be2 Nc4 19.Bc1 h6 20.Rg3 Qh4 21.Kf2 a3 22.b3 Nb2 
23.Qg1 Nc2 24.Rb1 Nxd4 25.Be3 Nc2 26.Kf1 Nxe3+ 27.Qxe3 Rad8 28.Nb5 d4 1/2-1/2

[Event "Macieja Memorial"]
[Site "Warsaw POL"]
[Date "2022.07.08"]
[Round "4.2"]
[White "Kuzmicz, Krystian"]
[Black "Klekowski, Maciej"]
[Result "0-1"]
[WhiteElo "2307"]
[BlackElo "2476"]
[EventDate "????.??.??"]
[PlyCount "92"]

1.e4 c5 2.d3 Nc6 3.g3 g6 4.Bg2 Bg7 5.f4 d6 6.Nf3 Rb8 7.O-O b5 8.Nc3 b4 9.Ne2 
Nf6 10.h3 h5 11.Nh4 Qb6 12.Kh1 Nh7 13.c3 a5 14.Be3 Ba6 15.Qd2 bxc3 16.bxc3 Qb2 
17.Qd1 Bxc3 18.Nxc3 Qxc3 19.e5 Nb4 20.exd6 exd6 21.a3 Nxd3 22.f5 g5 23.Bc6+ Kd8 
24.Ng6 fxg6 25.fxg6 Kc7 26.Bg2 Ne5 27.Bd2 Qxg3 28.Bxa5+ Kd7 29.Qd5 Bxf1 30.Rxf1 
Nf6 31.Qd1 Rb2 32.Rg1 Rxg2 33.Rxg2 Qxh3+ 34.Kg1 Qe3+ 35.Kh1 Qd4 36.Qf1 Nfg4 
37.Qb5+ Ke6 38.g7 Rg8 39.Qb7 Nd3 40.Bd8 Rxg7 41.Qc8+ Kd5 42.Qa8+ Kc4 43.Qa4+ 
Kd5 44.Qa8+ Ke5 45.Qc8 Ngf2+ 46.Kh2 Qh4+ 0-1

[Event "Macieja Memorial"]
[Site "Warsaw POL"]
[Date "2022.07.08"]
[Round "4.3"]
[White "Kosakowski, Jakub"]
[Black "Nguyen, Piotr"]
[Result "1-0"]
[WhiteElo "2476"]
[BlackElo "2300"]
[EventDate "????.??.??"]
[PlyCount "51"]

1.e4 c5 2.Nf3 g6 3.c3 d5 4.exd5 Qxd5 5.d4 Bg7 6.Na3 cxd4 7.Nb5 Na6 8.Nbxd4 Nf6 
9.Bb5+ Bd7 10.Bxa6 bxa6 11.O-O O-O 12.Re1 e6 13.Ne5 Bc8 14.c4 Qc5 15.Ndc6 Re8 
16.Be3 Qf8 17.b4 Kh8 18.Bc5 Qg8 19.Ne7 Rxe7 20.Bxe7 Bb7 21.Qd4 h5 22.Nxg6+ fxg6 
23.Bxf6 Rc8 24.Bxg7+ Qxg7 25.Qxg7+ Kxg7 26.Rxe6 1-0

[Event "Macieja Memorial"]
[Site "Warsaw POL"]
[Date "2022.07.08"]
[Round "4.4"]
[White "Sadzikowski, Daniel"]
[Black "Pakleza, Zbigniew"]
[Result "1/2-1/2"]
[WhiteElo "2297"]
[BlackElo "2467"]
[EventDate "????.??.??"]
[PlyCount "60"]

1.c4 c6 2.Nf3 d5 3.e3 Nf6 4.Nc3 Bg4 5.cxd5 Bxf3 6.Qxf3 cxd5 7.d4 Nc6 8.Bd3 e6 
9.O-O Be7 10.Bd2 O-O 11.Qe2 Rc8 12.Rac1 Qd7 13.Rfd1 g6 14.Be1 Rfd8 15.a3 a6 
16.Nb1 Bf8 17.Nd2 e5 18.dxe5 Nxe5 19.Nf3 Nxd3 20.Qxd3 Bg7 21.Rxc8 Qxc8 22.Bc3 
h6 23.h3 Qe6 24.Be5 Ne4 25.Bxg7 Kxg7 26.Qd4+ Qf6 27.Rc1 Qxd4 28.Nxd4 Rd7 29.f3 
Nd6 30.Kf2 Nc4 1/2-1/2

[Event "Macieja Memorial"]
[Site "Warsaw POL"]
[Date "2022.07.08"]
[Round "4.5"]
[White "Brodowski, Piotr"]
[Black "Kowalski, Igor"]
[Result "1-0"]
[WhiteElo "2431"]
[BlackElo "2287"]
[EventDate "????.??.??"]
[PlyCount "61"]

1.c4 c6 2.Nf3 d5 3.e3 Nf6 4.Nc3 Nbd7 5.b3 e5 6.Bb2 Bd6 7.cxd5 Nxd5 8.Ne4 Bc7 
9.Qb1 h6 10.Be2 O-O 11.g4 N7f6 12.g5 Nxe4 13.Qxe4 hxg5 14.Rg1 f5 15.Qc2 g4 
16.Nxe5 Re8 17.Nd3 Bxh2 18.Rh1 Bd6 19.O-O-O Qe7 20.Kb1 Qe4 21.Rdf1 Qe7 22.Rfg1 
a5 23.f3 a4 24.fxg4 axb3 25.axb3 f4 26.Nxf4 Nxf4 27.Bc4+ Nd5 28.Qh7+ Kf8 
29.Rf1+ Bf4 30.Rxf4+ Nxf4 31.Qg8# 1-0

[Event "Macieja Memorial"]
[Site "Warsaw POL"]
[Date "2022.07.08"]
[Round "4.6"]
[White "Jarmula, Lukasz"]
[Black "Danielyan, Vahe"]
[Result "0-1"]
[WhiteElo "2246"]
[BlackElo "2419"]
[EventDate "????.??.??"]
[PlyCount "78"]

1.d4 Nf6 2.Bf4 c5 3.d5 g6 4.Nc3 Bg7 5.e4 O-O 6.Nf3 d6 7.h3 b5 8.Bxb5 Nxe4 
9.Nxe4 Qa5+ 10.Nc3 Bxc3+ 11.bxc3 Qxb5 12.Qd3 Qxd3 13.cxd3 Nd7 14.c4 f6 15.Kd2 
Ne5 16.Nxe5 fxe5 17.Be3 Rb8 18.Rab1 Bd7 19.f3 Kf7 20.h4 h5 21.Bg5 e6 22.dxe6+ 
Kxe6 23.Kc2 Ba4+ 24.Kc3 Bc6 25.Kc2 d5 26.cxd5+ Bxd5 27.Rxb8 Rxb8 28.Rb1 Rc8 
29.a3 c4 30.dxc4 Rxc4+ 31.Kd3 Ra4 32.Ra1 e4+ 33.fxe4 Bxe4+ 34.Kc3 Bxg2 35.Kb3 
Rg4 36.Rc1 Rxg5 37.hxg5 h4 38.Rc2 h3 39.Kc3 h2 0-1

[Event "Macieja Memorial"]
[Site "Warsaw POL"]
[Date "2022.07.08"]
[Round "4.7"]
[White "Warakomski, Tomasz"]
[Black "Koziorowicz, Michal"]
[Result "0-1"]
[WhiteElo "2397"]
[BlackElo "2202"]
[EventDate "????.??.??"]
[PlyCount "58"]

1.e4 c5 2.Nf3 d6 3.d4 cxd4 4.Nxd4 Nf6 5.Nc3 g6 6.f4 Bg7 7.Nf3 O-O 8.Bd3 Nc6 
9.O-O a6 10.a4 Bd7 11.Kh1 Nb4 12.Be3 Qa5 13.Qe1 Nxd3 14.cxd3 Rfc8 15.e5 Ng4 
16.Bd4 Bc6 17.exd6 exd6 18.Bxg7 Kxg7 19.Ng5 Re8 20.Qh4 h5 21.f5 Ne3 22.Nce4 
Nxf5 23.Rxf5 Qxf5 24.Nxd6 Qd5 25.Nxe8+ Rxe8 26.Ne4 Qxd3 27.Qf6+ Kg8 28.Nd6 Qd5 
29.Rg1 Qxg2+ 0-1

[Event "Macieja Memorial"]
[Site "Warsaw POL"]
[Date "2022.07.08"]
[Round "4.8"]
[White "Mickiewicz, Piotr"]
[Black "Kanarek, Marcel"]
[Result "0-1"]
[WhiteElo "2209"]
[BlackElo "2394"]
[EventDate "????.??.??"]
[PlyCount "50"]

1.e4 c5 2.Nf3 d6 3.d4 cxd4 4.Qxd4 Nf6 5.Nc3 Nc6 6.Bb5 Bd7 7.Qd3 a6 8.Bxc6 Bxc6 
9.Bg5 e6 10.O-O-O Be7 11.Nd4 O-O 12.f4 Qc7 13.f5 Nxe4 14.Bxe7 Nc5 15.Qg3 Qxe7 
16.Nxc6 bxc6 17.Rxd6 exf5 18.Rxc6 Ne4 19.Nd5 Qd7 20.Nf6+ Nxf6 21.Rxf6 Rad8 
22.a3 Qd5 23.Kb1 a5 24.Rf1 Kh8 25.R6xf5 Qb7 0-1

[Event "Macieja Memorial"]
[Site "Warsaw POL"]
[Date "2022.07.08"]
[Round "4.9"]
[White "Pacan-milej, Kosma"]
[Black "Nasuta, Grzegorz"]
[Result "0-1"]
[WhiteElo "2183"]
[BlackElo "2366"]
[EventDate "????.??.??"]
[PlyCount "54"]

1.d4 d5 2.c4 c6 3.Nc3 Nf6 4.e3 e6 5.Nf3 Nbd7 6.Be2 dxc4 7.a4 Bd6 8.Nd2 O-O 
9.Nxc4 Bc7 10.O-O e5 11.b3 exd4 12.Qxd4 Nb6 13.Ba3 Qxd4 14.exd4 Re8 15.Bf3 Be6 
16.Na5 Nxa4 17.Nxa4 Bxa5 18.Nc5 Rab8 19.Bc1 Bc3 20.Rxa7 Bxd4 21.Be3 Bxc5 
22.Bxc5 Bxb3 23.Rb1 Bd5 24.Bxd5 Nxd5 25.g3 b6 26.Bd6 Rbd8 27.Bc7 Rd7 0-1

[Event "Macieja Memorial"]
[Site "Warsaw POL"]
[Date "2022.07.08"]
[Round "4.10"]
[White "Heberla, Bartlomiej"]
[Black "Lach, Aleksandra"]
[Result "1-0"]
[WhiteElo "2361"]
[BlackElo "2083"]
[EventDate "????.??.??"]
[PlyCount "81"]

1.d4 f5 2.Bg5 g6 3.Nc3 Bg7 4.e4 fxe4 5.Nxe4 d5 6.Ng3 Nf6 7.Bd3 Bg4 8.Qd2 Nc6 
9.Bb5 Bd7 10.O-O-O a6 11.Bxc6 Bxc6 12.Bh6 Bxh6 13.Qxh6 Qd7 14.Nf3 O-O-O 15.Ne5 
Qe8 16.Rhe1 Bd7 17.f3 Qf8 18.Qf4 Qg7 19.Rd3 g5 20.Qd2 h5 21.Rde3 Rh7 22.h3 h4 
23.Nh1 Nh5 24.Nf2 Nf4 25.Nfd3 Bf5 26.Nc5 e6 27.Rb3 c6 28.Rxb7 Qxb7 29.Nxb7 Rxb7 
30.Re3 Rb6 31.Qa5 Kb7 32.Rb3 Rxb3 33.Qxd8 Re3 34.Qd7+ Ka8 35.Qc8+ Ka7 36.Qc7+ 
Ka8 37.Qxc6+ Ka7 38.b3 Re2 39.Qc7+ Ka8 40.Nc6 Rxc2+ 41.Kd1 1-0

[Event "Macieja Memorial"]
[Site "Warsaw POL"]
[Date "2022.07.08"]
[Round "4.12"]
[White "Czernek, Tymon"]
[Black "Olszewski, Michal"]
[Result "1/2-1/2"]
[WhiteElo "1973"]
[BlackElo "2344"]
[EventDate "????.??.??"]
[PlyCount "84"]

1.e4 e5 2.Nf3 Nc6 3.Bc4 Nf6 4.d3 Be7 5.O-O O-O 6.Re1 d6 7.Nbd2 Na5 8.Bb3 c6 
9.Nf1 Re8 10.h3 h6 11.Ng3 Bf8 12.c3 Nxb3 13.Qxb3 Qc7 14.d4 c5 15.dxe5 dxe5 
16.Nh4 c4 17.Qc2 g6 18.Be3 Nd7 19.b4 cxb3 20.axb3 a5 21.Nf3 Kh7 22.Red1 b6 
23.Nh2 Bg7 24.Ng4 Nc5 25.b4 Nb7 26.Qc1 Bxg4 27.hxg4 axb4 28.Rxa8 Rxa8 29.cxb4 
Qxc1 30.Rxc1 b5 31.Rc7 Nd6 32.Bc5 Ra1+ 33.Kh2 Nc4 34.Rxf7 Kg8 35.Rb7 Bf6 
36.Rxb5 Bh4 37.Rb8+ Kf7 38.Rb7+ Ke6 39.Rg7 Kf6 40.Rh7 Kg5 41.Be7+ Kxg4 42.f3+ 
Kf4 1/2-1/2

[Event "Macieja Memorial"]
[Site "Warsaw POL"]
[Date "2022.07.08"]
[Round "4.13"]
[White "Skrzypczynski, Kacper"]
[Black "Gdanski, Jacek"]
[Result "1/2-1/2"]
[WhiteElo "1746"]
[BlackElo "2385"]
[EventDate "????.??.??"]
[PlyCount "49"]

1.d4 Nf6 2.Bg5 d5 3.e3 Bg4 4.Be2 Bxe2 5.Nxe2 e6 6.O-O Be7 7.c4 c6 8.cxd5 exd5 
9.Nbc3 Nbd7 10.Rb1 O-O 11.b4 a6 12.a4 b5 13.a5 Re8 14.Nc1 Nf8 15.Nd3 N6d7 
16.Bxe7 Qxe7 17.Ne2 Rac8 18.Rc1 Ne6 19.Qb3 Ng5 20.Ng3 g6 21.Rc2 Rc7 22.Rfc1 
Rec8 23.Nf4 Nf6 24.Rc5 h5 25.Qc2 1/2-1/2

[Event "Macieja Memorial"]
[Site "Warsaw POL"]
[Date "2022.07.08"]
[Round "4.14"]
[White "Markowski, Tomasz"]
[Black "Kobak, Jakub"]
[Result "1-0"]
[WhiteElo "2504"]
[BlackElo "2037"]
[EventDate "????.??.??"]
[PlyCount "97"]

1.d4 Nf6 2.c4 e6 3.Nf3 a6 4.e3 d5 5.b3 Be7 6.Bd3 b6 7.O-O Bb7 8.cxd5 Nxd5 9.Bb2 
O-O 10.Nbd2 c5 11.Rc1 Nc6 12.dxc5 Bxc5 13.Qe2 Ncb4 14.Bb1 Rc8 15.a3 Nc6 16.Rfd1 
Qe7 17.b4 Bd6 18.Nc4 Bb8 19.h4 b5 20.Ncd2 f6 21.Ne4 Ba7 22.Nc5 Bxc5 23.Rxc5 Nb8 
24.Rdc1 Rxc5 25.Rxc5 Nd7 26.Rc1 Rc8 27.Rxc8+ Bxc8 28.Qc2 Qf8 29.Qxh7+ Kf7 30.h5 
f5 31.h6 N7f6 32.Ng5+ Ke7 33.Qxg7+ Qxg7 34.hxg7 Ng8 35.Kf1 Ndf6 36.Ke2 Ne8 
37.e4 fxe4 38.Bxe4 Ngf6 39.Bxf6+ Nxf6 40.Bh7 e5 41.g8=Q Nxg8 42.Bxg8 Bb7 43.f3 
Kf6 44.Ne4+ Kf5 45.Ke3 Bc6 46.g3 Be8 47.Bd5 Bd7 48.Bf7 Bc8 49.g4# 1-0

[Event "Macieja Memorial"]
[Site "Warsaw POL"]
[Date "2022.07.08"]
[Round "4.15"]
[White "Krasenkow, Michal"]
[Black "Krogulski, Maksymilian"]
[Result "1-0"]
[WhiteElo "2369"]
[BlackElo "1534"]
[EventDate "????.??.??"]
[PlyCount "53"]

1.e4 c5 2.Nc3 Nc6 3.g3 g6 4.Bg2 Bg7 5.d3 d6 6.Nh3 Nf6 7.O-O Bg4 8.f3 Bd7 9.f4 
Qc8 10.Nf2 O-O 11.h3 h5 12.Kh2 e5 13.f5 gxf5 14.exf5 Bxf5 15.Nfe4 Nxe4 16.dxe4 
Bg6 17.Bf3 Nd4 18.Bxh5 Bxh5 19.Qxh5 Nxc2 20.Bh6 Bxh6 21.Qxh6 Qe6 22.Rf6 Qxf6 
23.Qxf6 Nxa1 24.Nd5 Rfe8 25.Qg5+ Kh7 26.Nf6+ Kh8 27.Qh6# 1-0

[Event "Macieja Memorial"]
[Site "Warsaw POL"]
[Date "2022.07.08"]
[Round "4.16"]
[White "Krasenkova, Elena"]
[Black "Baum, Jonasz"]
[Result "0-1"]
[WhiteElo "1832"]
[BlackElo "2240"]
[EventDate "????.??.??"]
[PlyCount "190"]

1.d4 d5 2.Nf3 Nf6 3.c4 e6 4.Qc2 a6 5.g3 dxc4 6.Qxc4 b5 7.Qc2 Bb7 8.Nbd2 Nbd7 
9.Bg2 c5 10.dxc5 Bxc5 11.O-O Rc8 12.Qd1 O-O 13.Nb3 Bb6 14.Bf4 Nc5 15.Nxc5 Bxc5 
16.a3 Qb6 17.b4 Bxf2+ 18.Rxf2 Rfd8 19.Qe1 Ng4 20.h3 Nxf2 21.Qxf2 Qxf2+ 22.Kxf2 
f6 23.Be3 Rc3 24.Bc5 e5 25.a4 bxa4 26.Rxa4 Rd1 27.Ra2 g5 28.g4 Kg7 29.Be7 Rd7 
30.Bc5 Rd1 31.Be3 Kg8 32.Ra5 Kg7 33.Rc5 Rxc5 34.Bxc5 Rc1 35.Bd6 Rd1 36.Be7 Rd7 
37.Bc5 Rd1 38.Ne1 Bxg2 39.Nxg2 Rc1 40.Bd6 Rc6 41.Be7 Kf7 42.Bd8 Rc8 43.Bb6 Ke6 
44.Ne3 Rc1 45.Nf5 Rb1 46.Bc5 Rc1 47.Bf8 Rb1 48.Ne3 Rb3 49.Nc4 Kd5 50.Ne3+ Ke4 
51.Nf5 Rxh3 52.Be7 Rb3 53.Ng3+ Kd5 54.Bxf6 Rxb4 55.Bxg5 Rxg4 56.Bd8 Ra4 57.Nf5 
Ke6 58.Ne3 h5 59.Ng2 Rc4 60.Ke3 Rc8 61.Ba5 Rg8 62.Kf2 Kd5 63.Ne3+ Ke4 64.Ng2 
Rf8+ 65.Kg3 Rg8+ 66.Kf2 Kd5 67.Ne3+ Kc5 68.Bc7 Rg5 69.Bd8 Rg7 70.Ba5 Kb5 71.Bc3 
Re7 72.Kf3 e4+ 73.Kf4 a5 74.Nd5 Rh7 75.Kxe4 h4 76.Be5 h3 77.Nc3+ Kc4 78.Nd5 
Rh4+ 79.Bf4 h2 80.Ne3+ Kb3 81.Nf5 h1=Q+ 82.Ke5 Rh5 83.Kf6 Rxf5+ 84.Kxf5 Qh5+ 
85.Ke4 Qxe2+ 86.Kf5 a4 87.Be5 a3 88.Bd4 a2 89.Kf4 Kc4 90.Bf6 Kd5 91.Kg5 Ke6 
92.Ba1 Qb5+ 93.Kh6 Qb1 94.Bg7 Kf7 95.Bd4 Qg6# 0-1

[Event "Macieja Memorial"]
[Site "Warsaw POL"]
[Date "2022.07.08"]
[Round "4.17"]
[White "Szewczak, Andrzej"]
[Black "Grabarczyk, Miroslaw"]
[Result "0-1"]
[WhiteElo "1826"]
[BlackElo "2221"]
[EventDate "????.??.??"]
[PlyCount "76"]

1.b4 d5 2.Bb2 Nf6 3.e3 c6 4.Nf3 Bg4 5.Be2 Nbd7 6.d3 Bxf3 7.Bxf3 e5 8.a3 a5 
9.O-O axb4 10.axb4 Rxa1 11.Bxa1 Bxb4 12.Nd2 O-O 13.Be2 Bd6 14.e4 d4 15.Nc4 Bc7 
16.c3 b5 17.Nd2 c5 18.cxd4 exd4 19.f4 Qe7 20.Qb3 Rb8 21.e5 Ba5 22.Rd1 Nxe5 
23.fxe5 Qxe5 24.Nf3 Qxe2 25.Bxd4 cxd4 26.Rf1 Bc3 27.h4 h6 28.Nh2 Bd2 29.h5 Rf8 
30.Qxb5 Ng4 31.Nxg4 Qxg4 32.Qf5 Be3+ 33.Kh1 Qh4+ 34.Qh3 Qxh3+ 35.gxh3 Rc8 
36.Kg2 Rc5 37.Rb1 Rxh5 38.Kg3 Rf5 0-1

[Event "Macieja Memorial"]
[Site "Warsaw POL"]
[Date "2022.07.08"]
[Round "4.18"]
[White "Siekanska, Maria"]
[Black "Kokoszczynski, Jan"]
[Result "0-1"]
[WhiteElo "1702"]
[BlackElo "2160"]
[EventDate "????.??.??"]
[PlyCount "50"]

1.d4 d5 2.c4 e6 3.Nc3 a6 4.cxd5 exd5 5.Bf4 c6 6.e3 Bd6 7.Bxd6 Qxd6 8.Bd3 Nf6 
9.Nge2 O-O 10.O-O Re8 11.a3 Bg4 12.b4 Nbd7 13.Qb3 b5 14.a4 Nb6 15.Ra2 Nc4 
16.Rfa1 Rac8 17.axb5 axb5 18.Ra7 Re7 19.Ng3 g6 20.h3 Be6 21.e4 Rxa7 22.Rxa7 
dxe4 23.Ncxe4 Nxe4 24.Nxe4 Qxd4 25.Qc2 Qxa7 0-1

[Event "Macieja Memorial"]
[Site "Warsaw POL"]
[Date "2022.07.08"]
[Round "4.19"]
[White "Wieckowski, Michal"]
[Black "Makarewicz, Pawel"]
[Result "0-1"]
[WhiteElo "1628"]
[BlackElo "2059"]
[EventDate "????.??.??"]
[PlyCount "72"]

1.e4 e5 2.Qh5 Nc6 3.Bc4 g6 4.Qf3 Nf6 5.Ne2 Bg7 6.d3 d6 7.h3 Be6 8.Na3 a6 9.Bg5 
h6 10.Bxf6 Qxf6 11.Qxf6 Bxf6 12.O-O O-O 13.f4 b5 14.Bb3 exf4 15.c3 g5 16.Kh2 
Ne5 17.Rad1 Bxb3 18.axb3 Rfe8 19.Nd4 Nd7 20.Nf5 Kh7 21.Nc2 Nc5 22.b4 Na4 23.Rb1 
a5 24.Rf2 Kg6 25.h4 Be5 26.Kh3 c5 27.bxc5 dxc5 28.d4 Bc7 29.h5+ Kh7 30.e5 b4 
31.c4 Nb6 32.dxc5 Nxc4 33.Rd1 Nxe5 34.Ncd4 g4+ 35.Kh4 Bd8+ 36.Ne7 Bxe7# 0-1

[Event "Macieja Memorial"]
[Site "Warsaw POL"]
[Date "2022.07.08"]
[Round "4.20"]
[White "Dziuba, Marcin"]
[Black "Pastuszko, Kinga"]
[Result "1-0"]
[WhiteElo "2466"]
[BlackElo "1835"]
[EventDate "????.??.??"]
[PlyCount "81"]

1.Nf3 Nc6 2.d4 d5 3.c4 Bg4 4.Nc3 Nf6 5.Ne5 e6 6.Nxg4 Nxg4 7.e4 Nf6 8.cxd5 exd5 
9.e5 Ne4 10.Bb5 Bb4 11.O-O Nxc3 12.bxc3 Bxc3 13.Qc2 Bxa1 14.Bxc6+ bxc6 15.Qxc6+ 
Kf8 16.Ba3+ Kg8 17.Rxa1 Rb8 18.Bc5 a5 19.f4 h6 20.Rf1 Kh7 21.f5 Qg5 22.Qxd5 Rb2 
23.f6 Qe3+ 24.Kh1 Qe2 25.Rg1 Rg8 26.Qxf7 Rd2 27.fxg7 Rxg7 28.Qf5+ Kh8 29.Qh3 
Rd1 30.Qxh6+ Kg8 31.Qe6+ Kh8 32.Qh3+ Kg8 33.Qb3+ Kh8 34.Qxd1 Rxg2 35.Qxe2 Rxe2 
36.Rg6 Rxa2 37.Rc6 a4 38.Rxc7 a3 39.Ra7 Ra1+ 40.Kg2 a2 41.e6 1-0

[Event "Macieja Memorial"]
[Site "Warsaw POL"]
[Date "2022.07.08"]
[Round "4.21"]
[White "Kaminski, Maciej"]
[Black "Janik, Igor"]
[Result "0-1"]
[WhiteElo "1840"]
[BlackElo "2456"]
[EventDate "????.??.??"]
[PlyCount "86"]

1.d4 d6 2.c4 e5 3.dxe5 dxe5 4.Qxd8+ Kxd8 5.Nc3 c6 6.Nf3 f6 7.g3 Be6 8.b3 Nd7 
9.Bg2 Kc7 10.Bb2 Ne7 11.O-O h5 12.Rac1 Nf5 13.Rfd1 Rd8 14.Bh3 g6 15.Nh4 Rg8 
16.Nd5+ Kc8 17.Nc3 Ng7 18.Bxe6 Nxe6 19.Ne4 Be7 20.Nf3 Kc7 21.a3 a5 22.Nc3 Ndc5 
23.Nd5+ cxd5 24.cxd5 Kb6 25.b4 axb4 26.axb4 Na4 27.Ba1 Nc7 28.Nd2 Rxd5 29.Nc4+ 
Ka6 30.b5+ Kxb5 31.Rb1+ Ka6 32.Rdc1 Bc5 33.e4 Rd7 34.Ne3 Bxe3 35.fxe3 Rgd8 
36.Kg2 Na8 37.Rc4 N8b6 38.Rcb4 Rd2+ 39.Kh3 R8d6 40.Rc1 Rc6 41.Rcb1 Rcc2 42.Rh1 
Nc5 43.g4 Nd3 0-1

[Event "Macieja Memorial"]
[Site "Warsaw POL"]
[Date "2022.07.08"]
[Round "4.22"]
[White "Licznerski, Lukasz"]
[Black "Lewandrowski, Tomasz"]
[Result "1-0"]
[WhiteElo "2387"]
[BlackElo "1829"]
[EventDate "????.??.??"]
[PlyCount "59"]

1.e4 c5 2.Nf3 Nc6 3.d4 cxd4 4.Nxd4 e5 5.Nb5 d6 6.N1c3 Be7 7.Nd5 Kf8 8.a4 Nf6 
9.Nbc7 Nxd5 10.Nxd5 Be6 11.Bc4 Rc8 12.c3 Bg5 13.O-O h5 14.Ba2 h4 15.f4 exf4 
16.Bxf4 Bxf4 17.Nxf4 Bxa2 18.Rxa2 Kg8 19.Kh1 Ne5 20.h3 Rh6 21.Ra1 Qg5 22.Qe2 
Re8 23.Nd5 Rg6 24.Rf5 Qg3 25.Raf1 Ree6 26.Nf4 Ng4 27.hxg4 Rxe4 28.Qxe4 Rxg4 
29.Qe8+ Kh7 30.Rh5# 1-0

[Event "Macieja Memorial"]
[Site "Warsaw POL"]
[Date "2022.07.08"]
[Round "4.23"]
[White "Szarwacki, Dominik"]
[Black "Leniart, Arkadiusz"]
[Result "0-1"]
[WhiteElo "1822"]
[BlackElo "2327"]
[EventDate "????.??.??"]
[PlyCount "55"]

1.e4 e5 2.Nf3 Nc6 3.Bb5 a6 4.Ba4 Nf6 5.d3 Bc5 6.c3 b5 7.Bb3 O-O 8.Nbd2 d5 9.Nf1 
dxe4 10.dxe4 Qxd1+ 11.Bxd1 Nxe4 12.Be3 Bxe3 13.Nxe3 Bb7 14.Bb3 Nc5 15.Bc2 e4 
16.Nd2 Nd3+ 17.Bxd3 exd3 18.O-O-O Ne5 19.Rhe1 Rfe8 20.f3 c5 21.c4 Rad8 22.b3 g6 
23.h3 f5 24.f4 Nf7 25.Nf3 Bxf3 26.gxf3 Rd4 27.Nd5 Rxe1 28.Rxe1 0-1

[Event "Macieja Memorial"]
[Site "Warsaw POL"]
[Date "2022.07.08"]
[Round "4.24"]
[White "Socko, Monika"]
[Black "Celinski, Kamil"]
[Result "1-0"]
[WhiteElo "2286"]
[BlackElo "1823"]
[EventDate "????.??.??"]
[PlyCount "83"]

1.e4 e5 2.Nf3 Nc6 3.Bb5 a6 4.Bxc6 dxc6 5.O-O Bd6 6.d4 exd4 7.Qxd4 f6 8.Nbd2 Be6 
9.b3 Ne7 10.Nc4 Bxc4 11.Qxc4 Qd7 12.Bb2 Ng6 13.Rad1 O-O-O 14.Nd4 Rhe8 15.Nf5 
Ne5 16.Qe2 Ng6 17.Qe3 Kb8 18.g3 Qf7 19.Kg2 Be5 20.Bc1 h5 21.h4 Ne7 22.Nxe7 Qxe7 
23.Rfe1 Bd6 24.Bb2 Bc5 25.Rxd8+ Rxd8 26.Qe2 Bd4 27.c3 Be5 28.f4 Bd6 29.c4 Bc5 
30.e5 Bb4 31.Rd1 Re8 32.Qxh5 fxe5 33.Bxe5 Bd6 34.Re1 Qd7 35.Re2 Rd8 36.Qg6 Bxe5 
37.fxe5 Qd1 38.Qe4 Rd2 39.Rxd2 Qxd2+ 40.Kh3 Qxa2 41.e6 Qa1 42.e7 1-0

[Event "Macieja Memorial"]
[Site "Warsaw POL"]
[Date "2022.07.08"]
[Round "4.25"]
[White "Karolczuk, Iwo"]
[Black "Ratajczak, Hubert"]
[Result "1-0"]
[WhiteElo "2281"]
[BlackElo "1806"]
[EventDate "????.??.??"]
[PlyCount "61"]

1.Nf3 Nf6 2.g3 g6 3.Bg2 Bg7 4.O-O O-O 5.c4 d6 6.d4 Nbd7 7.Nc3 e5 8.Qc2 Re8 
9.Rd1 exd4 10.Nxd4 Nc5 11.b3 Ne6 12.Nxe6 fxe6 13.e4 e5 14.c5 Qe7 15.cxd6 cxd6 
16.Ba3 Rd8 17.Nb5 Ne8 18.Rd2 a6 19.Nc3 Be6 20.Nd5 Qf7 21.Nb6 Rab8 22.Rad1 Bh6 
23.Rd3 Bf8 24.h3 Nc7 25.Bb2 Be7 26.Qxc7 h5 27.Qc1 h4 28.Nd5 hxg3 29.Nxe7+ Qxe7 
30.fxg3 Rbc8 31.Qh6 1-0